000 01953nab a2200241 i 4500
003 BR-BrBNA
005 20250512151428.0
008 250512b2017 bl.qr|pooa||| 00| 0 por |
040 _aBR-BrBNA
_bpor
072 _aF70
100 _aZappi, Daniela Cristina
100 _aTaylor, Nigel Paul
245 _aFlora das cangas da Serra dos Carajás, Pará, Brasil: Cactaceae
500 _aPublicação on-line; 8 ref.; 1 illus.; Summaries (En, Pt)
520 _a Resumo Este estudo compreende as espécies de Cactaceae ocorrendo sobre canga na Serra dos Carajás, estado do Pará, Brasil, incluindo descrições detalhadas, ilustrações e comentários morfológicos sobre as espécies. Ao total, foram registradas duas espécies, Cereus hexagonus, rupícola e crescendo tanto sobre afloramentos de canga como de granito na região, e Epiphyllum phyllanthus uma epífita amplamente distribuída no neotrópico. Palavras-chave: FLONA Carajás, florística, minério de ferro, taxonomia. Abstract The present study comprises species of Cactaceae that occur on iron-stone (canga) substrate at Serra dos Carajás, in the Brazilian Pará state, including detailed descriptions, illustrations and comments on the morphology of the species. Two species were recorded in the study area, Cereus hexagonus, a rupicolous species growing on ferruginous rocks known as canga, and the epiphytic, widely spread Epiphyllum phyllanthus. Key words: FLONA Carajás, floristics, iron-ore, taxonomy.
650 _aCARAJÁS
650 _aCOMPOSIÇÃO BOTÂNICA
650 _aTAXONOMIA
773 0 _0709
_9350025
_dRio de Janeiro-RJ Jardim Botanico do Rio de Janeiro 1935
_o2025-2634
_tRodriguésia (Brazil)
_x0370-6583; 2175-7860 on-line
_gv. 68(3 special number) p. 925-929; (2017)
_wBR2025000923
856 _uhttps://www.scielo.br/j/rod/a/r8DcWDyZWwSQvzJtYxnx6tD/?format=pdf&lang=pt
942 _cANA
999 _c331436
_d331436